[Event "Bad Woerishofen Seniors op 32nd"]
[Site "Bad Woerishofen"]
[Date "2016.03.01"]
[Round "5"]
[White "Taufratshofer, Martin"]
[Black "Eigenmann, Christina"]
[Result "1-0"]
[WhiteElo "2009"]
[BlackElo "1759"]
[PlyCount "99"]
[EventDate "2016.02.26"]
[EventType "swiss"]
[EventRounds "9"]
[EventCountry "GER"]
[SourceTitle "EXT 2019"]
[Source "ChessBase"]
[SourceDate "2018.10.10"]
[SourceVersion "1"]
[SourceVersionDate "2018.10.10"]
[SourceQuality "1"]

1. e4 c6 2. c4 d5 3. cxd5 cxd5 4. exd5 Nf6 5. Bb5+ Nbd7 6. Nc3 g6 7. Nf3 Bg7 8. 0-0 0-0 9. Re1 Nb6 10. Qe2 Nbxd5 11. d4 Nxc3 12. bxc3 a6 13. Ba4 b5 14. Bb3 e6 15. Bg5 Qc7 16. Rac1 Bb7 17. Bh4 Ne4 18. c4 bxc4 19. Rxc4 Qb6 20. Be7 Rfc8 21. Rb4 Qc7 22. Rxb7 Qxb7 23. Ba3 Nc3 24. Qd3 Nb5 25. Bb2 Rd8 26. Qe3 Qa7 27. Ne5 Bxe5 28. Qxe5 Nxd4 29. Re4 Rac8 30. h3 Rc1+ 31. Bxc1 Nxb3 32. axb3 Rd5 33. Qc3 Rc5 34. Rc4 Rxc4 35. bxc4 Qd7 36. Bb2 Qd1+ 37. Kh2 Qd6+ 38. g3 e5 39. c5 Qc6 40. Qxe5 Kf8 41. Qd6+ Qxd6 42. cxd6 Ke8 43. f4 a5 44. g4 Kd7 45. Ba3 a4 46. g5 Kc6 47. Kg3 Kd7 48. Kf3 Ke6 49. Ke4 f5+ 50. gxf6 1-0

[Event "Bad Woerishofen Seniors op 30th"]
[Site "Bad Woerishofen"]
[Date "2014.03.29"]
[Round "9"]
[White "Villing, Dieter"]
[Black "Taufratshofer, Martin"]
[Result "0-1"]
[WhiteElo "2117"]
[BlackElo "1990"]
[PlyCount "88"]
[EventDate "2014.03.21"]
[EventType "swiss"]
[EventRounds "9"]
[EventCountry "GER"]
[SourceTitle "EXT 2019"]
[Source "ChessBase"]
[SourceDate "2018.10.10"]
[SourceVersion "1"]
[SourceVersionDate "2018.10.10"]
[SourceQuality "1"]

1. e4 g6 2. d4 Bg7 3. Nc3 d6 4. f4 Nf6 5. Nf3 0-0 6. Bd3 c5 7. d5 b5 8. Bxb5 Nxe4 9. Nxe4 Qa5+ 10. Nc3 Bxc3+ 11. bxc3 Qxb5 12. Kf2 Nd7 13. Re1 Re8 14. f5 Nf6 15. fxg6 hxg6 16. Bg5 Bf5 17. Bxf6 exf6 18. Qd2 Kg7 19. Qf4 Qd7 20. h3 g5 21. Qc4 Bxc2 22. Rac1 Bg6 23. Qa6 Rxe1 24. Rxe1 Rb8 25. Qe2 Rb6 26. Kg3 Qf5 27. Qe7 Qf4+ 28. Kf2 Rb2+ 29. Re2 Rxe2+ 30. Qxe2 Be4 31. g3 Qf5 32. c4 Bd3 33. Qe3 Bxc4 34. g4 Qxd5 35. h4 Qe6 36. Qd2 d5 37. hxg5 f5 38. gxf5 Qxf5 39. Qc3+ Kh7 40. Qc1 Qe6 41. Qh1+ Kg8 42. Qb1 d4 43. Qb8+ Kg7 44. Qxa7 Qe3+ 0-1

[Event "Bad Woerishofen Seniors op 30th"]
[Site "Bad Woerishofen"]
[Date "2014.03.22"]
[Round "2"]
[White "Schweitzer, Paul"]
[Black "Taufratshofer, Martin"]
[Result "0-1"]
[WhiteElo "1696"]
[BlackElo "1990"]
[PlyCount "92"]
[EventDate "2014.03.21"]
[EventType "swiss"]
[EventRounds "9"]
[EventCountry "GER"]
[SourceTitle "EXT 2019"]
[Source "ChessBase"]
[SourceDate "2018.10.10"]
[SourceVersion "1"]
[SourceVersionDate "2018.10.10"]
[SourceQuality "1"]

1. Nf3 g6 2. d4 Bg7 3. c3 d6 4. e3 Nd7 5. Nbd2 b6 6. Be2 Bb7 7. a4 a6 8. Qb3 e6 9. Qc2 Ne7 10. e4 Rc8 11. Qb1 c5 12. Nf1 h6 13. Ng3 Qc7 14. Be3 Nf6 15. 0-0 Ng4 16. h3 Nxe3 17. fxe3 0-0 18. Rc1 f5 19. exf5 exf5 20. Nf1 Kh8 21. Qd3 Rce8 22. N3d2 Nd5 23. Bf3 Nf6 24. b4 Ne4 25. a5 b5 26. bxc5 dxc5 27. Bxe4 Bxe4 28. Nxe4 Rxe4 29. Nd2 Re7 30. Rf1 Rfe8 31. Rf3 h5 32. Nf1 Bh6 33. dxc5 Qxc5 34. Qd4+ Qe5 35. Rd1 Bg7 36. Qd6 Re6 37. Qxe5 Bxe5 38. Rd7 R8e7 39. Rd8+ Kg7 40. e4 fxe4 41. Rff8 Bxc3 42. h4 e3 43. Rg8+ Kh6 44. Nxe3 Rxe3 45. Rd6 Re1+ 46. Kf2 Rf7+ 0-1

[Event "Bad Woerishofen op 29th"]
[Site "Bad Woerishofen"]
[Date "2013.03.08"]
[Round "8"]
[White "Scharrer, Udo"]
[Black "Taufratshofer, Martin"]
[Result "1/2-1/2"]
[WhiteElo "2039"]
[BlackElo "1977"]
[PlyCount "44"]
[EventDate "2013.03.01"]
[EventType "swiss"]
[EventRounds "9"]
[EventCountry "GER"]
[SourceTitle "CBM 153 Extra"]
[Source "ChessBase"]
[SourceDate "2013.04.22"]
[SourceVersion "1"]
[SourceVersionDate "2013.04.22"]
[SourceQuality "1"]

1. d4 g6 2. c4 Bg7 3. e4 d6 4. Be2 Nf6 5. Nc3 0-0 6. Bg5 h6 7. Be3 c5 8. d5 e6 9. h3 exd5 10. exd5 Re8 11. Qd2 Kh7 12. Bd3 Nbd7 13. Nf3 Ne5 14. Nxe5 Rxe5 15. 0-0 a6 16. Bf4 Re7 17. Rae1 Rb8 18. a4 b6 19. Rxe7 Qxe7 20. Re1 Qf8 21. Re2 Bd7 22. b3 Re8 1/2-1/2

[Event "Bad Woerishofen op 28th"]
[Site "Bad Woerishofen"]
[Date "2012.03.06"]
[Round "5"]
[White "Reichenbacher, Gerhard"]
[Black "Taufratshofer, Martin"]
[Result "1/2-1/2"]
[WhiteElo "1846"]
[BlackElo "1965"]
[PlyCount "117"]
[EventDate "2012.03.02"]
[EventType "swiss"]
[EventRounds "9"]
[EventCountry "GER"]
[SourceTitle "EXT 2019"]
[Source "ChessBase"]
[SourceDate "2018.10.10"]
[SourceVersion "1"]
[SourceVersionDate "2018.10.10"]
[SourceQuality "1"]

1. c4 c5 2. g3 Nc6 3. Bg2 g6 4. Nc3 Bg7 5. a3 a5 6. d3 e5 7. e4 Nge7 8. Nge2 0-0 9. 0-0 d6 10. Rb1 f5 11. Bg5 h6 12. Be3 g5 13. f4 exf4 14. gxf4 g4 15. e5 Kh7 16. exd6 Qxd6 17. Nb5 Qd7 18. Bxc5 Ra6 19. d4 b6 20. Bxe7 Nxe7 21. d5 Bb7 22. Ned4 Rc8 23. Qd3 Raa8 24. Rfe1 Rf8 25. Re6 Ng6 26. Rf1 Ba6 27. Nxf5 Rf6 28. Nxg7 Kxg7 29. Qd4 Raf8 30. Rxb6 Bxb5 31. cxb5 Qd8 32. Rb7+ Kg8 33. f5 Ne7 34. Qxg4+ Kf7 35. Qh5+ Kg8 36. Qg4+ Kf7 37. Qc4 Kg7 38. Re1 R8f7 39. Qg4+ Kf8 40. Qe4 Rxf5 41. Rd1 Qd6 42. Qd4 Rg7 43. Rf1 Rxf1+ 44. Kxf1 Qxh2 45. Qxg7+ Kxg7 46. Rxe7+ Kf6 47. Re3 h5 48. b6 Qb8 49. Rb3 Qc8 50. Rc3 Qa6+ 51. Kg1 Qxb6+ 52. Kh1 Qxb2 53. Rh3 Qc1+ 54. Kh2 Qf4+ 55. Kh1 Qd4 56. Rf3+ Ke5 57. Rh3 Kd6 58. Kh2 Qf4+ 59. Kh1 1/2-1/2

[Event "Forchheim op-A"]
[Site "Forchheim"]
[Date "2003.10.04"]
[Round "3"]
[White "Kaspar, Willi"]
[Black "Taufratshofer, Martin"]
[Result "1/2-1/2"]
[WhiteElo "2051"]
[BlackElo "2063"]
[PlyCount "166"]
[EventDate "2003.10.03"]
[EventType "swiss"]
[EventRounds "5"]
[EventCountry "GER"]
[SourceTitle "CBM 096 Extra"]
[Source "ChessBase"]
[SourceDate "2003.10.22"]
[SourceVersion "2"]
[SourceVersionDate "2003.10.20"]
[SourceQuality "1"]

1. e4 d5 2. exd5 Qxd5 3. Nc3 Qa5 4. Bc4 Bf5 5. d3 c6 6. Bd2 e6 7. g4 Bg6 8. Qe2 Bb4 9. f4 Nd7 10. 0-0-0 Ne7 11. a3 Bxa3 12. bxa3 Qxa3+ 13. Kb1 b5 14. Bb3 0-0 15. h4 Nc5 16. Bc1 Qa5 17. Na2 Nxb3 18. cxb3 h6 19. Bb2 Qc7 20. Nf3 Qxf4 21. Be5 Qxg4 22. h5 f6 23. Bd6 Bxh5 24. Rxh5 Qxh5 25. Bxe7 Rf7 26. Ba3 Qd5 27. Nc1 a5 28. Qe4 Rd7 29. Rg1 Qxe4 30. dxe4 Rad8 31. Bc5 Rd1 32. Rg2 Rf1 33. Nd4 Kf7 34. Rxg7+ Kxg7 35. Nxe6+ Kg6 36. Nxd8 Re1 37. Nxc6 h5 38. Nxa5 h4 39. Kc2 Rxe4 40. Nd3 h3 41. Bd6 h2 42. Bxh2 Re2+ 43. Kc3 Rxh2 44. Nc6 Kf7 45. Nd4 Rh5 46. Ne2 Ke7 47. Nef4 Rf5 48. Kd4 Kd6 49. b4 Rg5 50. Nc5 Rg4 51. Ne4+ Kc6 52. Nd5 Rg1 53. Ndc3 Rg4 54. Nd5 Rg1 55. Nexf6 Rd1+ 56. Ke5 Re1+ 57. Ne4 Rc1 58. Ndc3 Rc2 59. Ke6 Rb2 60. Nd5 Re2 61. Ne7+ Kb6 62. Kd5 Rc2 63. Kd6 Rc4 64. Nd5+ Ka7 65. Nc5 Rh4 66. Kc6 Rg4 67. Kc7 Rg7+ 68. Nd7 Rf7 69. N5b6 Rh7 70. Nc8+ Ka6 71. Nd6 Rg7 72. Kc6 Rg6 73. Nc5+ Ka7 74. Nce4 Rg4 75. Nxb5+ Kb8 76. Nbd6 Rg1 77. Nc3 Rc1 78. Nde4 Rc2 79. b5 Rb2 80. Nd6 Rxb5 81. Ncxb5 Ka8 82. Kb6 Kb8 83. Nd4 Ka8 1/2-1/2

[Event "Forchheim op-A"]
[Site "Forchheim"]
[Date "2003.10.04"]
[Round "4"]
[White "Taufratshofer, Martin"]
[Black "Spatz, Heike"]
[Result "0-1"]
[WhiteElo "2063"]
[BlackElo "1985"]
[PlyCount "83"]
[EventDate "2003.10.03"]
[EventType "swiss"]
[EventRounds "5"]
[EventCountry "GER"]
[SourceTitle "CBM 096 Extra"]
[Source "ChessBase"]
[SourceDate "2003.10.22"]
[SourceVersion "2"]
[SourceVersionDate "2003.10.20"]
[SourceQuality "1"]

1. Nf3 Nf6 2. c4 e6 3. Nc3 b6 4. g3 Bb7 5. Bg2 c5 6. d4 cxd4 7. Qxd4 Bc5 8. Qd3 Nc6 9. 0-0 Nb4 10. Qb1 a5 11. a3 Nc6 12. Rd1 Ng4 13. Ne4 Qe7 14. b3 f5 15. Nxc5 Qxc5 16. e3 a4 17. Qd3 Nce5 18. Nxe5 Nxe5 19. Qd4 Bxg2 20. Qxc5 bxc5 21. Kxg2 axb3 22. Rb1 Nxc4 23. Rxb3 Ke7 24. Rb7 Rhd8 25. Rd3 Na5 26. Rb5 d6 27. Rc3 Rdb8 28. Rxb8 Rxb8 29. Kf3 Nb3 30. h4 Kd7 31. e4 Nxc1 32. Rxc1 Rb3+ 33. Kf4 Rxa3 34. exf5 exf5 35. Rb1 Kc6 36. Rb8 g6 37. Rh8 Ra7 38. Rf8 Re7 39. f3 c4 40. h5 c3 41. Ra8 c2 42. Ra3 0-1

[Event "GER-ch35 V1 email"]
[Site "GER email"]
[Date "2003.03.22"]
[Round "?"]
[White "Haese, Gerhard"]
[Black "Taufratshofer, Martin"]
[Result "0-1"]
[WhiteElo "2188"]
[BlackElo "2180"]
[PlyCount "60"]
[EventDate "2003.03.22"]
[EventType "tourn (corr)"]
[EventRounds "10"]
[EventCountry "GER"]
[SourceTitle "Corr 2008"]
[Source "ChessBase"]
[SourceDate "2008.06.24"]
[SourceVersion "1"]
[SourceVersionDate "2008.06.24"]
[SourceQuality "1"]

1. e4 e5 2. Nf3 Nf6 3. Nd4 exd4 4. e5 Nd5 5. Bc4 Nb6 6. Bb3 d5 7. d3 Be7 8. 0-0 0-0 9. Nd2 c5 10. a4 a5 11. c4 Nc6 12. f4 Bf5 13. cxd5 Nxd5 14. Nf3 Ne3 15. Bxe3 dxe3 16. Bc4 Bg4 17. Re1 Nd4 18. Rxe3 Nxf3+ 19. gxf3 Qd4 20. Qe2 Bf5 21. Kh1 Qxf4 22. e6 fxe6 23. Bxe6+ Bxe6 24. Rxe6 Bd6 25. Rf1 Rad8 26. Re4 Qh6 27. Rf2 Kh8 28. Rg2 Qh5 29. Reg4 Rd7 30. Qf2 Qd5 0-1

[Event "GER-ch35 V1 email"]
[Site "GER email"]
[Date "2003.03.22"]
[Round "?"]
[White "Solzbacher, Karl"]
[Black "Taufratshofer, Martin"]
[Result "1-0"]
[WhiteElo "2328"]
[BlackElo "2180"]
[PlyCount "141"]
[EventDate "2003.03.22"]
[EventType "tourn (corr)"]
[EventRounds "10"]
[EventCountry "GER"]
[SourceTitle "Corr 2008"]
[Source "ChessBase"]
[SourceDate "2008.06.24"]
[SourceVersion "1"]
[SourceVersionDate "2008.06.24"]
[SourceQuality "1"]

1. d4 d5 2. Nf3 c6 3. c4 e6 4. Nc3 dxc4 5. a4 Bb4 6. e3 b5 7. Bd2 a5 8. axb5 Bxc3 9. Bxc3 cxb5 10. b3 Bb7 11. bxc4 b4 12. Bb2 Nf6 13. Bd3 0-0 14. 0-0 Nbd7 15. Re1 Re8 16. e4 e5 17. c5 exd4 18. Rc1 Bxe4 19. c6 Bxf3 20. Qxf3 Nb6 21. c7 Qd5 22. Qf4 b3 23. Red1 a4 24. Bxd4 a3 25. Rc5 Qe6 26. Re5 Qc6 27. Rc1 Qb7 28. Rg5 Nbd5 29. Rxg7+ Kxg7 30. Qg5+ Kf8 31. Bc5+ Re7 32. Bxe7+ Kxe7 33. Re1+ Kd7 34. Bf5+ Kd6 35. Qg3+ Kc5 36. c8Q+ Rxc8 37. Rc1+ Kd4 38. Rd1+ Kc5 39. Rc1+ Kd4 40. Qd3+ Ke5 41. Bxc8 Qb4 42. Rd1 Kd6 43. Ba6 b2 44. Bc4 Qc5 45. Ba2 Ke7 46. Qb3 Qb4 47. Qg3 Kf8 48. h3 h5 49. Kh2 Ne4 50. Qf3 Ndf6 51. Qe3 Qc5 52. Rd8+ Kg7 53. Qxc5 Nxc5 54. Ra8 Nfe4 55. Rxa3 Nd2 56. Ra5 Nce4 57. Rb5 b1Q 58. Bxb1 Nc3 59. Rxh5 Ndxb1 60. g4 Ne2 61. Re5 Nd4 62. Kg2 Nc3 63. h4 Kg6 64. h5+ Kh6 65. f3 f6 66. Ra5 Kg7 67. Kf2 Ndb5 68. f4 Kh6 69. Kf3 Nd6 70. Ra8 Nce4 71. Rg8 1-0

[Event "GER-ch35 V1 email"]
[Site "GER email"]
[Date "2003.03.22"]
[Round "?"]
[White "Taufratshofer, Martin"]
[Black "Hoerstel, Horst"]
[Result "1/2-1/2"]
[WhiteElo "2180"]
[BlackElo "2255"]
[PlyCount "47"]
[EventDate "2003.03.22"]
[EventType "tourn (corr)"]
[EventRounds "10"]
[EventCountry "GER"]
[SourceTitle "Corr 2008"]
[Source "ChessBase"]
[SourceDate "2008.06.24"]
[SourceVersion "1"]
[SourceVersionDate "2008.06.24"]
[SourceQuality "1"]

1. Nf3 Nf6 2. c4 e6 3. Nc3 Bb4 4. Qc2 0-0 5. a3 Bxc3 6. Qxc3 c5 7. b4 b6 8. g3 Bb7 9. Bg2 d5 10. bxc5 Ne4 11. Qc2 Nxc5 12. d4 Ne4 13. 0-0 Nd7 14. cxd5 Bxd5 15. Bf4 Rc8 16. Qb2 g5 17. Be3 f6 18. Rfc1 Nd6 19. Nd2 Bxg2 20. Kxg2 Nf5 21. Qb3 Qe7 22. f3 Nxe3+ 23. Qxe3 f5 24. Qd3 1/2-1/2

[Event "Bad Woerishofen op 19th"]
[Site "Bad Woerishofen"]
[Date "2003.03.17"]
[Round "5"]
[White "Taufratshofer, Martin"]
[Black "Bintakies, Michael"]
[Result "0-1"]
[WhiteElo "2074"]
[BlackElo "2209"]
[PlyCount "68"]
[EventDate "2003.03.13"]
[EventType "swiss"]
[EventRounds "9"]
[EventCountry "GER"]
[SourceTitle "CBM 093 Extra"]
[Source "ChessBase"]
[SourceDate "2003.05.09"]
[SourceVersion "1"]
[SourceVersionDate "2003.05.09"]
[SourceQuality "1"]

1. Nf3 d5 2. d4 Nf6 3. c4 c6 4. Nc3 a6 5. Ne5 e6 6. Bf4 Nbd7 7. e3 Be7 8. Be2 Nxe5 9. Bxe5 0-0 10. 0-0 b5 11. cxb5 axb5 12. a3 Nd7 13. Bg3 Nb6 14. Qc2 Nc4 15. Na2 Qa5 16. Nb4 Bxb4 17. axb4 Qxa1 18. Rxa1 Rxa1+ 19. Bf1 Ra2 20. Bxc4 bxc4 21. f4 Ra1+ 22. Kf2 Ba6 23. Kf3 Bb5 24. Kg4 Ba4 25. Qd2 Rd1 26. Qe2 Rc1 27. Qd2 Rc2 28. Qd1 Ra8 29. Qa1 Rxg2 30. f5 exf5+ 31. Kh3 Rd2 32. Qg1 f6 33. Qa1 Rd1 34. Qa3 Rd3 0-1

[Event "Bad Woerishofen op 19th"]
[Site "Bad Woerishofen"]
[Date "2003.03.13"]
[Round "1"]
[White "Taufratshofer, Martin"]
[Black "Kupreichik, Viktor D"]
[Result "0-1"]
[WhiteElo "2074"]
[BlackElo "2490"]
[PlyCount "72"]
[EventDate "2003.03.13"]
[EventType "swiss"]
[EventRounds "9"]
[EventCountry "GER"]
[SourceTitle "CBM 093 Extra"]
[Source "ChessBase"]
[SourceDate "2003.05.09"]
[SourceVersion "1"]
[SourceVersionDate "2003.05.09"]
[SourceQuality "1"]

1. Nf3 d5 2. c4 e6 3. e3 Nf6 4. b3 Be7 5. Bb2 0-0 6. Be2 c5 7. 0-0 Nc6 8. d4 dxc4 9. Bxc4 a6 10. Nbd2 Bd7 11. Rc1 cxd4 12. Nxd4 Qa5 13. a4 Rfd8 14. Qe2 Ne5 15. Rfd1 Rac8 16. Rc2 Bb4 17. Rdc1 Bxd2 18. Qxd2 Nxc4 19. bxc4 Qxd2 20. Rxd2 Ne4 21. Rd3 Bxa4 22. Ra3 Be8 23. f3 Nc5 24. Kf1 f6 25. Ke2 Kf7 26. Bc3 e5 27. Nb3 Na4 28. Bb4 b6 29. Ra2 a5 30. Ba3 Bd7 31. Rd2 Be6 32. Rxd8 Rxd8 33. Nd2 Bc8 34. Ne4 Ba6 35. Nd6+ Ke6 36. e4 Rxd6 0-1

[Event "Bad Woerishofen op 17th"]
[Site "Bad Woerishofen"]
[Date "2001.??.??"]
[Round "6"]
[White "Maahs, Erich"]
[Black "Taufratshofer, Martin"]
[Result "1-0"]
[WhiteElo "2199"]
[BlackElo "2093"]
[PlyCount "119"]
[EventDate "2001.03.15"]
[EventType "swiss"]
[EventRounds "9"]
[EventCountry "GER"]
[SourceTitle "CBM 081 Extra"]
[Source "ChessBase"]
[SourceDate "2001.05.06"]
[SourceVersion "1"]
[SourceVersionDate "2001.05.06"]
[SourceQuality "1"]

1. e4 c6 2. Bc4 d5 3. Bb3 dxe4 4. Qh5 e6 5. Nc3 Nf6 6. Qh4 Nbd7 7. Nxe4 Nxe4 8. Qxe4 Nc5 9. Qe2 Nxb3 10. axb3 Be7 11. Nf3 Bf6 12. 0-0 0-0 13. d4 b6 14. Rd1 Qc7 15. Bg5 Bxg5 16. Nxg5 h6 17. Nf3 a5 18. Ne5 Bb7 19. Rd3 Rad8 20. Rad1 Bc8 21. Rg3 f5 22. Rdd3 Bd7 23. Qh5 Rf6 24. Qh4 Rdf8 25. f4 Be8 26. Rd2 Qe7 27. Rc3 Qb7 28. Qf2 Bd7 29. Qf3 Rc8 30. Rc4 Rff8 31. Ng6 Rf7 32. Re2 Kh7 33. Ne5 Re7 34. b4 axb4 35. Rxb4 Be8 36. Nc4 Ra8 37. Rxb6 Ra1+ 38. Kf2 Qa7 39. Qb3 Bf7 40. Ne5 Be8 41. c3 Rh1 42. Nf3 Qa1 43. Qc2 Bh5 44. Re1 Rxe1 45. Nxe1 Bd1 46. Qd2 Ra7 47. Kg3 Ra2 48. Rb7 Ba4 49. Nf3 Bb5 50. d5 e5 51. fxe5 Rxb2 52. Qf4 Qb1 53. e6 Bf1 54. Rxb2 Qxb2 55. Qd2 Qa3 56. d6 Qa4 57. Kf2 Bc4 58. d7 Qa1 59. d8Q Qf1+ 60. Kg3 1-0

[Event "Bad Woerishofen op 17th"]
[Site "Bad Woerishofen"]
[Date "2001.??.??"]
[Round "1"]
[White "Taufratshofer, Martin"]
[Black "Schenfeld, Waldemar"]
[Result "1-0"]
[WhiteElo "2093"]
[BlackElo "1431"]
[PlyCount "55"]
[EventDate "2001.03.15"]
[EventType "swiss"]
[EventRounds "9"]
[EventCountry "GER"]
[SourceTitle "CBM 081 Extra"]
[Source "ChessBase"]
[SourceDate "2001.05.06"]
[SourceVersion "1"]
[SourceVersionDate "2001.05.06"]
[SourceQuality "1"]

1. Nf3 d5 2. c4 Nf6 3. e3 Bg4 4. Be2 Nbd7 5. b3 e6 6. Bb2 Be7 7. 0-0 c5 8. Nc3 0-0 9. cxd5 exd5 10. d4 Rc8 11. dxc5 Nxc5 12. Nd4 Bxe2 13. Qxe2 Nce4 14. Rfc1 Nxc3 15. Bxc3 Ne4 16. Bb2 Qa5 17. f3 Nf6 18. Nf5 Rxc1+ 19. Rxc1 Ba3 20. g4 h6 21. h4 Kh7 22. g5 hxg5 23. hxg5 Nh5 24. Kf2 Re8 25. Rh1 Kg6 26. Qc2 Qc5 27. Ne7+ Kxg5 28. Qf5+ 1-0